With this ring

Gespeichert in:
Bibliographische Detailangaben
1. Verfasser: Burke, Louis H.
Format: Buch
Sprache:Englisch
Veröffentlicht: New York McGraw-Hill 1958
Schlagworte:
Tags: Tag hinzufügen
Keine Tags, Fügen Sie den ersten Tag hinzu!

MARC

LEADER 00000nam a22000005a 4500
003 CL-ChBUA
005 20151112113948.0
008 151112s1958 xxu||||| |||| 000 ||eng
040 |a CL-ChBUA  |c CL-ChBUA 
082 0 0 |a 392.5 
100 1 |a Burke, Louis H. 
245 1 0 |a With this ring  |c Louis H. Burke 
260 |a New York  |b McGraw-Hill  |c 1958 
300 |a 280 páginas   |c 21 centímetros  
504 |a índice, apéndice  
650 4 |a MATRIMONIO  
942 |2 ddc  |c LIB 
952 |0 0  |1 0  |4 0  |6 392_500000000000000_B_959IN  |7 0  |9 1149371  |a UNACH  |b UNACH  |c 300  |d 2015-11-12  |i 11.198  |l 0  |o 392.5 / B 959in  |p 87236  |r 2024-11-08 00:00:00  |t 1  |w 2015-11-12  |y LIB 
999 |c 2193601  |d 2193601